| 000 | 00650nam a2200205Ia 4500 | ||
|---|---|---|---|
| 003 | GCL | ||
| 008 | 140319s9999 xx 000 0 ara d | ||
| 040 |
_aGCL / _cGCL |
||
| 082 | 0 | 4 |
_a621.3 _bم د |
| 100 | 1 | _aمحمود سرى طه | |
| 245 | 1 | 0 |
_aدليل المهندس الى الربط الكهربائى الدولى / _cمحمود سرى طه |
| 300 | _a155 ص | ||
| 490 |
_aالهيئة العامة للاستعلامات _v0 |
||
| 650 | 0 | 4 | _aالكهرباء |
| 650 | 0 | 4 | _aالطاقة الكهربائية |
| 650 | 0 | 4 | _aالهندسة الكهربية |
| 650 | 0 | 4 | _aالهند |
| 650 | 0 | 4 | _aهندسة الطاقة |
| 942 |
_2ddc _cBK |
||
| 999 |
_c50292 _d50292 |
||